| 000 | 00919cab a2200277 4500 | ||
|---|---|---|---|
| 001 | ABS52060 | ||
| 008 | 090401t1995 xxu||||| |||| 00| 0 eng d | ||
| 035 | _a(Sirsi) u57450 | ||
| 041 | _aeng | ||
| 100 | _aOreszczyn, T. | ||
| 245 | _aEnergy efficiency beyond part L | ||
| 260 | _c1995 | ||
| 350 | _a0 | ||
| 490 |
_aArchitects` Journal _v201(3) 19 January 1995, 39-41(3) |
||
| 520 | _aDiscusses the Standard Assessment Procedure (SAP) for energy assessment introduced in changes to Part L of the Building Regulations and shows how they can identify domestic energy design priorities. | ||
| 650 |
_aBUILDING REGULATIONS _96224 |
||
| 650 | _aENERGY EFFICIENCY | ||
| 650 | _aGLAZING | ||
| 650 | _aSTANDARD ASSESSMENT PROCEDURE | ||
| 650 | _aTHERMAL INSULATION | ||
| 650 | _aVENTILATION | ||
| 690 | _aBUILDING AND CONSTRUCTION-REGULATIONS | ||
| 700 | _aGillott, M. | ||
| 942 | _n0 | ||
| 948 | _c04/03/1997 | ||
| 999 |
_c35036 _d35036 |
||